[Event "Politiken Cup"]
[Site "Helsingor DEN"]
[Date "2011.08.03"]
[Round "6.6"]
[White "Blomqvist,E"]
[Black "Hammer,J"]
[Result "1/2-1/2"]
[WhiteElo "2438"]
[BlackElo "2610"]

1.Nf3 d5 2.d4 c6 3.c4 dxc4 4.e3 Be6 5.Qc2 Nf6 6.Bxc4 Bxc4 7.Qxc4 e6 8.O-O Be7
9.Nc3 O-O 10.Rd1 Nbd7 11.e4 Rc8 12.Qe2 Qc7 13.Bg5 e5 14.Rac1 exd4 15.Nxd4 Rfe8
16.Nf5 Bc5 17.b4 Bxb4 18.Bxf6 Nxf6 19.Nb5 Qe5 20.Nbd6 Nxe4 21.Nxe8 Rxe8 22.Ng3 Nd6
23.Qxe5 Rxe5 24.f4 Re6 25.Kf2 Kf8 26.Kf3 a5 27.Rd3 a4 28.a3 Ba5 29.Rd4 Bb6
30.Rxa4 Re3+ 31.Kg4 g6 32.Rd1 f5+ 33.Kh3 Ke7 34.Ra8 g5 35.Rf1 h6 36.Rh8 Nf7
37.Rg8 Bc7 38.fxg5 f4 39.g6 Ng5+ 40.Kg4 fxg3 41.g7 gxh2 42.Re8+ Kxe8 43.g8=Q+ Kd7
44.Qg7+ Re7 45.Rd1+ Bd6 46.Qxh6 Ne4 47.Kf3 Kc7 48.a4 Kc8 49.g4 Kc7 50.g5 Re6
51.Qh4 Be7 52.Qxh2+ Kc8 53.Qh8+ Kc7 54.Qh2+ Kc8 55.g6 Ng5+ 56.Kf4 Rxg6 57.Qh8+ Kc7
58.Qe8 Nh3+ 59.Kf5 Rg5+ 60.Ke6 Nf4+ 61.Kf7 Rf5+ 62.Kg7 Rg5+ 63.Kf7 Rf5+ 64.Kg7 Rg5+
65.Kf7  1/2-1/2

[Event "16th Creon Open"]
[Site "Creon FRA"]
[Date "2011.08.05"]
[Round "7.3"]
[White "Spirin,O"]
[Black "Berescu,A"]
[Result "1/2-1/2"]
[WhiteElo "2491"]
[BlackElo "2465"]

1.d4 d5 2.Nf3 Nf6 3.c4 c6 4.Qb3 dxc4 5.Qxc4 Bg4 6.Nbd2 Nbd7 7.g3 e6 8.Bg2 Be7
9.O-O O-O 10.Qb3 Qb6 11.Nc4 Qa6 12.Re1 Rad8 13.Bf4 Nd5 14.Bd2 N5b6 15.Nxb6 Qxb6
16.Bc3 Qxb3 17.axb3 Bxf3 18.Bxf3 a6 19.Bg2 Nf6 20.e4 Rd7 21.Rad1  1/2-1/2

[Event "9th ch-EU Youth U14"]
[Site "Mureck AUT"]
[Date "2011.08.05"]
[Round "3"]
[White "Petr,Ja2"]
[Black "Lascar,R"]
[Result "1-0"]
[WhiteElo "1944"]
[BlackElo "1587"]

1.d4 d5 2.c4 c6 3.Nf3 dxc4 4.e4 b5 5.b3 cxb3 6.Qxb3 e6 7.Bd3 Nf6 8.Nc3 a5
9.O-O Na6 10.Rd1 Nc7 11.Bf4 Ba6 12.Rac1 b4 13.Na4 Bxd3 14.Qxd3 Nh5 15.Bxc7 Qxc7
16.Ne5 Qb7 17.Rxc6 Nf6 18.Rb6 Qc8 19.Qb5+ Nd7 20.Rb7  1-0

[Event "Sakkozo Magyarok World Meeting"]
[Site "Lakitelek HUN"]
[Date "2011.08.06"]
[Round "1.3"]
[White "Lengyel,F"]
[Black "Takacs,Emeric"]
[Result "1-0"]
[WhiteElo "2282"]
[BlackElo "1853"]

1.d4 c6 2.c4 d5 3.Nf3 Nf6 4.Qc2 e6 5.e3 Be7 6.Bd3 Nbd7 7.O-O O-O 8.Nc3 Re8
9.Bd2 a5 10.a3 Bd6 11.Rad1 b6 12.e4 dxe4 13.Nxe4 Nxe4 14.Bxe4 Qc7 15.Bxh7+ Kf8
16.Be4 Bb7 17.Rfe1 Nf6 18.c5 Be7 19.Bg5 Nd5 20.Bxd5 cxd5 21.Qh7 Bxg5 22.Nxg5 bxc5
23.Qh8+ Ke7 24.Qxg7 Rf8 25.Nxe6  1-0

[Event "50th World Juniors"]
[Site "Chennai IND"]
[Date "2011.08.07"]
[Round "6.58"]
[White "Jaswant,G"]
[Black "Hercules,B"]
[Result "1/2-1/2"]
[WhiteElo "2036"]
[BlackElo "2089"]

1.d4 d5 2.c4 c6 3.Nf3 Nf6 4.g3 e6 5.Bg2 Be7 6.O-O O-O 7.Qc2 Nbd7 8.Nbd2 b6
9.e4 dxe4 10.Nxe4 Nxe4 11.Qxe4 Bb7 12.Rd1 Rc8 13.Bf4 Nf6 14.Qc2 Bd6 15.Be5 h6
16.c5 Be7 17.Nd2 Nd5 18.Ne4 Qd7 19.Bd6 Rfd8 20.Bxe7 Qxe7 21.Nd6 Rxd6 22.cxd6 Qxd6
23.Rac1 Rd8 24.a3 Qd7 25.b4 Qd6 26.Qb3 Qd7 27.h4 Nf6 28.Qc4 Nd5 29.Bxd5 Qxd5
30.Qxd5 Rxd5 31.a4 a6 32.b5 axb5 33.axb5 Rxb5 34.Rb1 Kf8 35.Rxb5 cxb5 36.Rb1 Bc6
37.f4 Ke7 38.Kf2 h5 39.Ke3 Kf6 40.Rb2 Kf5 41.Ra2 Bd5 42.Ra7 Kf6 43.f5 b4
44.fxe6 fxe6 45.Ra4 b3 46.Rb4 Kf5 47.Rxb6 Kg4 48.Kf2 Kf5 49.Ke3 g6 50.Rb8 Kg4
51.Kf2 Kf5 52.Ke3 Kg4 53.Kf2 Kf5 54.Ke3 Kg4  1/2-1/2

[Event "Politiken Cup"]
[Site "Helsingor DEN"]
[Date "2011.08.07"]
[Round "10.37"]
[White "Leutwyler,M"]
[Black "Patuzzo,F"]
[Result "1-0"]
[WhiteElo "2163"]
[BlackElo "2274"]

1.d4 d5 2.Nf3 Nf6 3.c4 c6 4.Qc2 dxc4 5.Qxc4 Bf5 6.g3 e6 7.Bg2 Nbd7 8.O-O Be7
9.Nc3 Nb6 10.Qb3 Ne4 11.Rd1 Nxc3 12.bxc3 Qd5 13.Nd2 Qxb3 14.axb3 Bc2 15.Re1 a5
16.Ra2 Bg6 17.Ba3 Nd5 18.Rc1 Bd8 19.e4 Nb6 20.Rca1 Nd7 21.Nc4 b6 22.e5 Nb8
23.Bd6 Kd7 24.Bf1 Be4 25.Nd2 Bf5 26.b4 Na6 27.Nc4 Be4 28.bxa5 bxa5 29.Nxa5 Nc7
30.Nb7 Rxa2 31.Rxa2 Bf3 32.Nxd8 Rxd8 33.Ra7 Rc8 34.Ba6 Ra8 35.Rxc7+ Kd8 36.Rxf7  1-0

[Event "1st Radzikowskiej Mem"]
[Site "Warsaw POL"]
[Date "2011.08.07"]
[Round "2"]
[White "Sharevich,A"]
[Black "Worek,J"]
[Result "1/2-1/2"]
[WhiteElo "2344"]
[BlackElo "2306"]

1.d4 d5 2.c4 c6 3.Nf3 Nf6 4.Qc2 dxc4 5.Qxc4 Bf5 6.g3 e6 7.Bg2 Nbd7 8.O-O Be7
9.e3 O-O 10.Rd1 Bg6 11.Nc3 Rc8 12.Qe2 b5 13.Ne1 b4 14.Na4 Qa5 15.b3 Nb6 16.Nxb6 axb6
17.e4 Rfd8 18.Bb2 Bf8 19.Nd3 c5 20.Nf4 cxd4 21.Nxg6 hxg6 22.Bxd4 Bc5 23.Bb2 Rxd1+
24.Qxd1 e5 25.Qe2 Rd8 26.h3 Kh7 27.Kh2 Bd4 28.Bxd4 Rxd4 29.Rc1 Qa8 30.Rc7 Qd8
31.Rxf7 Rd2 32.Qe3 Rxa2 33.Rb7 Rb2 34.Qxb6 Qxb6 35.Rxb6 Rxb3 36.Rb5 Rb2 37.Rxe5 Rxf2
38.Rb5 Nxe4 39.Rxb4 Nf6 40.Kg1 Rd2 41.Bf3 Rc2 42.g4 Rd2 43.Rb5 Kg8 44.g5 Nd7
45.Be4 Kf7 46.Rb7 Rd4 47.Bf3 Kf8 48.Rb5 Rd2 49.Bg4 Ke7 50.Kf1 Kd6 51.Ke1 Rc2
52.Kd1 Rc7 53.Kd2 Ne5 54.Rb6+  1/2-1/2

[Event "Baku Open A"]
[Site "Baku AZE"]
[Date "2011.08.08"]
[Round "3"]
[White "Ibrahimov,R"]
[Black "Mammadov,Z"]
[Result "1/2-1/2"]
[WhiteElo "2547"]
[BlackElo "2325"]

1.Nf3 d5 2.d4 Nf6 3.c4 c6 4.Qc2 dxc4 5.Qxc4 Bf5 6.g3 e6 7.Bg2 Be7 8.O-O O-O
9.e3 Nbd7 10.Rd1 Ne4 11.Qe2 Qb6 12.Nc3 c5 13.Nh4 Bxh4 14.Nxe4 Be7 15.Nc3 cxd4
16.exd4 Nf6 17.h3 Bb4 18.Bg5 Bxc3 19.bxc3 Nd5 20.Rac1 h6 21.Be3 Rac8 22.c4 Qa6
23.Bd2 Nb6 24.Bb4 Rfd8 25.Bf1 Qa4 26.Bc5 Nd7 27.Be7 Re8 28.Bd6 Nb6 29.c5 Nd5
30.Qb5 Qxb5 31.Bxb5 Red8 32.Kh2 Be4 33.Re1 Nf6 34.a3  1/2-1/2

[Event "Sakkozo Magyarok World Meeting"]
[Site "Lakitelek HUN"]
[Date "2011.08.08"]
[Round "3.6"]
[White "Lengyel,F"]
[Black "Voros,G"]
[Result "1/2-1/2"]
[WhiteElo "2282"]
[BlackElo "1936"]

1.d4 d5 2.c4 c6 3.Nf3 Nf6 4.Qc2 e6 5.g3 Nbd7 6.Bg2 Bd6 7.Nbd2 O-O 8.O-O e5
9.cxd5 cxd5 10.dxe5 Nxe5 11.Nxe5 Bxe5 12.Nf3 Bd6 13.Be3 Be6 14.Rfd1 Qe7 15.Rac1 Rac8
16.Qd3 b6 17.a3 Qd7 18.Nd4 Ng4 19.Bf4 Ne5 20.Bxe5 Bxe5 21.f4 Bf6 22.e3 g6
23.b3 Be7 24.b4 a5 25.b5 Rxc1 26.Rxc1 Rc8 27.Nc6 Bc5 28.Rd1 Bf5 29.Qb3 Qe8
30.Kf2 Be4 31.Bxe4 Qxe4 32.Rxd5 Qh1 33.Qd1 Qxh2+ 34.Kf3 Re8  1/2-1/2

[Event "20th ZMDI Open A"]
[Site "Dresden GER"]
[Date "2011.08.09"]
[Round "4.9"]
[White "Markowski,T"]
[Black "Bluebaum,M"]
[Result "1-0"]
[WhiteElo "2611"]
[BlackElo "2329"]

1.d4 d5 2.Nf3 Nf6 3.c4 c6 4.Qb3 dxc4 5.Qxc4 Bf5 6.g3 e6 7.Bg2 Be7 8.O-O Nbd7
9.e3 O-O 10.Qe2 c5 11.Rd1 Qc7 12.Nc3 Ne4 13.Ne1 Nxc3 14.bxc3 cxd4 15.cxd4 Bg6
16.Nd3 Rac8 17.Bb2 Qc2 18.Rd2 Bxd3 19.Qxd3 Qxd3 20.Rxd3 b6 21.Rb3 Rc7 22.Bf1 Rd8
23.a4 a5 24.Rb1 Bb4 25.Ba3 Bxa3 26.Rxa3 Rdc8 27.Rab3 Rc1 28.Rxc1 Rxc1 29.Kg2 Kf8
30.Bd3 h6 31.e4 Ke7 32.e5 f6 33.f4 fxe5 34.fxe5 Ra1 35.Bb5 Rd1 36.Rd3 Rxd3
37.Bxd3 Nf8 38.Kf3 Kd7 39.Bb5+ Ke7 40.Ke4 Nh7 41.h4 Nf8 42.d5 exd5+ 43.Kxd5 Ng6
44.Bd3 Nf8 45.Bf5  1-0

[Event "Sakkozo Magyarok World Meeting"]
[Site "Lakitelek HUN"]
[Date "2011.08.09"]
[Round "5.25"]
[White "Iakab,B"]
[Black "Ollos,L"]
[Result "1/2-1/2"]
[WhiteElo "1719"]
[BlackElo "1829"]

1.d4 d5 2.Nf3 Nf6 3.c4 c6 4.Qb3 Qb6 5.c5 Qxb3 6.axb3 Bf5 7.Bf4 Nbd7 8.b4 h6
9.Nc3 g5 10.Bg3 Bg7 11.e3  1/2-1/2

[Event "50th World Juniors"]
[Site "Chennai IND"]
[Date "2011.08.10"]
[Round "8.3"]
[White "Matlakov,M"]
[Black "Ter Sahakyan,S"]
[Result "0-1"]
[WhiteElo "2632"]
[BlackElo "2558"]

1.d4 d5 2.c4 c6 3.Nf3 Nf6 4.Qb3 dxc4 5.Qxc4 Bf5 6.g3 e6 7.Bg2 Nbd7 8.e3 c5
9.Nc3 Rc8 10.Qe2 Bg4 11.h3 Bh5 12.O-O Bd6 13.g4 Bg6 14.Nh4 Qb6 15.dxc5 Nxc5
16.Nxg6 hxg6 17.Qb5+ Qxb5 18.Nxb5 Bb8 19.Rd1 Nce4 20.Rd4 Ng5 21.Bxb7 Nxh3+
22.Kg2 Rc2 23.Rd2 Rc4 24.Nd4 Nxg4 25.b3 Rxd4 26.Rxd4 Nhxf2 27.Bc6+ Ke7 28.Rd7+ Kf6
29.Bb2+ Kg5 30.Rg1 Bh2 31.Rh1 Nxh1 32.Bxg7 Rh7 33.Rxf7 Be5  0-1

[Event "Sakkozo Magyarok World Meeting"]
[Site "Lakitelek HUN"]
[Date "2011.08.10"]
[Round "6.6"]
[White "Lengyel,F"]
[Black "Kovac,Z"]
[Result "1-0"]
[WhiteElo "2282"]
[BlackElo "2099"]

1.d4 d5 2.c4 c6 3.Nf3 Nf6 4.Qc2 Bg4 5.Nbd2 Nbd7 6.g3 e6 7.Bg2 Bf5 8.Qd1 Be7
9.O-O O-O 10.Nh4 Bg4 11.h3 Bh5 12.Nhf3 Bd6 13.Re1 Ne4 14.Nxe4 dxe4 15.Ng5 Nf6
16.Nxe4 Nxe4 17.Bxe4 f5 18.Bg2 Qf6 19.f4 Rad8 20.Qd2 Qe7 21.a3 e5 22.e3 Rfe8
23.dxe5 Bxe5 24.Qc2 Bf6 25.Bd2 Bf7 26.Rac1 Qd7 27.Bc3 Qd3 28.Qxd3 Rxd3 29.Bxf6 gxf6
30.Kf2 Bh5 31.Bf3 Bxf3 32.Kxf3 Red8 33.Re2 Kf7 34.g4 Kg6 35.Rg1 R8d7 36.g5 Rd1
37.Rxd1 Rxd1 38.gxf6 Kxf6 39.Rc2 Ke6 40.Rh2 Kf6 41.Rc2 Ke6 42.b4 Rd3 43.c5 Kd5
44.Ra2 a5 45.bxa5 Kxc5 46.Rb2 Rxa3 47.Rxb7 Rxa5 48.Rxh7 Kd6 49.Rh6+ Kd7 50.Rf6 Rd5
51.h4 c5 52.h5 Ke7 53.Rc6 Kf7 54.Rc7+ Kf6 55.h6 Kg6 56.h7 Rd8 57.Rxc5 Kxh7
58.Rxf5 Kg6 59.Ra5 Rc8 60.Ra6+ Kf7 61.f5 Rc7 62.Kf4 Rb7 63.e4 Rb4 64.Rc6 Ra4
65.Ke5 Ra5+ 66.Kd4 Rb5 67.e5  1-0

[Event "24th Panevezys Open"]
[Site "Panevezys LTU"]
[Date "2011.08.10"]
[Round "2.3"]
[White "Vanagas,T"]
[Black "Narmontas,M"]
[Result "1/2-1/2"]
[WhiteElo "2081"]
[BlackElo "2387"]

1.d4 d5 2.c4 c6 3.Nf3 Nf6 4.g3 Bf5 5.Bg2 e6 6.O-O Bd6 7.Nc3 Nbd7 8.Nh4 Bg4
9.Qc2 O-O 10.f3 Bh5 11.e4 e5 12.Nf5 exd4 13.Nxd6 dxc3 14.Qxc3 Qb6+ 15.Kh1 c5
16.Nf5 d4 17.Qc2 Rfe8 18.h4 Bg6 19.g4 Rad8 20.Bf4 Ne5 21.Rad1 h5 22.Bxe5 Rxe5
23.g5 Bxf5 24.gxf6 Bc8 25.f4 Ree8 26.e5 Bg4 27.Bd5 Rxd5 28.cxd5 Bxd1 29.Rxd1 gxf6
30.Rg1+ Kf8 31.Qh7 fxe5 32.fxe5 Qd8 33.Qh8+ Ke7 34.Qf6+ Kf8 35.Qh6+  1/2-1/2

[Event "24th Panevezys Open"]
[Site "Panevezys LTU"]
[Date "2011.08.10"]
[Round "2.5"]
[White "Vanagaite,G"]
[Black "Khamitskiy,S"]
[Result "0-1"]
[WhiteElo "1942"]
[BlackElo "2316"]

1.d4 d5 2.Nf3 c6 3.c4 dxc4 4.a4 Nf6 5.Nc3 Bf5 6.Ne5 Na6 7.f3 Nd7 8.Nxc4 e5
9.e4 exd4 10.Qxd4 Nb4 11.Qd1 Be6 12.Be3 Nc5 13.Ne5 Bb3 14.Qxd8+ Rxd8 15.Kf2 f6
16.Ng4 h5 17.Nxf6+ gxf6 18.Be2 Nc2 19.Rad1 Nxe3 20.Rxd8+ Kxd8 21.Kxe3 Nxa4
22.Nxa4 Bxa4 23.Kf4 Bd6+ 24.Kf5 Ke7 25.Bc4 c5  0-1

[Event "Sakkozo Magyarok World Meeting"]
[Site "Lakitelek HUN"]
[Date "2011.08.11"]
[Round "7.6"]
[White "Follert,I"]
[Black "Domany,Z"]
[Result "1/2-1/2"]
[WhiteElo "2021"]
[BlackElo "2199"]

1.d4 d5 2.Nf3 Nf6 3.c4 c6 4.Qc2 e6 5.g3 Be7 6.Bg2 O-O 7.O-O Nbd7 8.Nbd2 Re8
9.b3 Bd6 10.Bb2 e5 11.cxd5 cxd5 12.dxe5 Nxe5 13.Nxe5 Bxe5 14.Bxe5 Rxe5 15.Nf3 Bf5
16.Qb2 Re7 17.Rac1 Qd7 18.Rfd1 Rae8 19.e3 Be4 20.Qd4 a6 21.Rc3 h6 22.Rdc1 Qf5
23.Nd2 Bxg2 24.Kxg2 Ne4 25.Nxe4 dxe4 26.Rc5 Qf3+ 27.Kg1 Qe2 28.R5c2 Qg4 29.Rc7 Re5
30.Qd7 Qf3 31.Qd1 Qf5 32.Qd7 Qf3 33.Qd1 Qf5 34.Qd7 Qf3  1/2-1/2

[Event "20th Poznan Open"]
[Site "Poznan POL"]
[Date "2011.08.11"]
[Round "6.1"]
[White "Chojnacki,K"]
[Black "Musialkiewicz,J"]
[Result "1-0"]
[WhiteElo "2437"]
[BlackElo "2150"]

1.d4 d5 2.c4 c6 3.Nf3 Nf6 4.Nbd2 e6 5.g3 Nbd7 6.Bg2 b6 7.O-O Bb7 8.Qc2 Be7
9.e4 Nxe4 10.Nxe4 dxe4 11.Qxe4 Nf6 12.Qc2 c5 13.Rd1 Qc8 14.d5 O-O 15.d6 Bd8
16.b3 Nd7 17.Bb2 Bf6 18.Rd2 Rd8 19.Rad1 a5 20.a4 Bxb2 21.Qxb2 Bxf3 22.Bxf3 Ra7
23.h4 Nf6 24.Qe5 Rad7 25.Qf4 Ne8 26.Rd3 Kh8 27.R1d2 h6 28.Bh5 Nf6 29.Bf3 Ne8
30.g4 f6 31.g5 e5 32.Qf5 Nxd6 33.Rxd6 Rxd6 34.Qxc8 Rxd2 35.Qf5 hxg5 36.hxg5 R2d6
37.Qh3+  1-0

[Event "20th ZMDI Open A"]
[Site "Dresden GER"]
[Date "2011.08.12"]
[Round "7.24"]
[White "Grigorian,Sp"]
[Black "Mashinskaya,I"]
[Result "1-0"]
[WhiteElo "1960"]
[BlackElo "2333"]

1.d4 d5 2.c4 c6 3.Nf3 dxc4 4.a4 Nf6 5.e3 Be6 6.Na3 c5 7.Nxc4 Nc6 8.Qb3 cxd4
9.Qxb7 Bd5 10.Bd2 dxe3 11.Nxe3 Rb8 12.Qa6 Rb6 13.Ba5 e6 14.Bxb6 Bb4+ 15.Nd2 axb6
16.Nxd5 Bxd2+ 17.Kxd2 Qxd5+ 18.Qd3 Qa5+ 19.Kc1 O-O 20.Qc3 Nb4 21.Bb5 Ne4
22.Qe3 f5 23.Ra3 Rc8+ 24.Kb1 Nc2 25.b4 Qxb4+ 26.Rb3 Qa5 27.Qd3 Nd2+ 28.Kb2 Nxb3
29.Kxb3 Qb4+ 30.Ka2 Nd4 31.Rb1 Qc5 32.Rb2 Qd5+ 33.Kb1 e5 34.Ba6 Rc7 35.Rxb6 Qxg2
36.Bc4+ Kf8 37.Qc3 Ke8 38.Qe3 Nf3 39.Bb5+ Ke7 40.Qa3+ Kf7 41.Qb3+ Kf8 42.Rb8+ Ke7
43.Qb4+ Ke6 44.Re8+ Kf7 45.Qf8+ Kg6 46.Qd6+ Kh5 47.Qxc7 Qxf2 48.Qf7+ Kh4
49.Qc4+ e4 50.Qe2 Qd4 51.Rc8 Nd2+ 52.Kc2 e3 53.Rc4  1-0

[Event "ch-SLO w 2011"]
[Site "Ljubljana SLO"]
[Date "2011.08.12"]
[Round "7"]
[White "Rozic,V"]
[Black "Orehek,S"]
[Result "1-0"]
[WhiteElo "2310"]
[BlackElo "2047"]

1.d4 d5 2.c4 c6 3.Nf3 Nf6 4.Qc2 Nbd7 5.g3 e6 6.Bg2 Be7 7.O-O O-O 8.Rd1 c5
9.b3 Qb6 10.e3 Rd8 11.Nc3 a6 12.Bb2 Qc7 13.cxd5 exd5 14.dxc5 Qxc5 15.Rac1 Nf8
16.Qb1 Qa5 17.h3 Be6 18.Nd4 Rac8 19.Qa1 Ba3 20.Rc2 Bxb2 21.Qxb2 b5 22.a3 b4
23.axb4 Qxb4 24.Ra1 Qd6 25.Bf1 Ra8 26.Qa3 Qxa3 27.Rxa3 Rdc8 28.Rxa6 Rxa6
29.Bxa6 Rc5 30.b4 Rc7 31.Kg2 N8d7 32.Na4 Ra7 33.Rc8+ Nf8 34.Nxe6 fxe6 35.Nc5 Kf7
36.b5 N8d7 37.Nb7 Nb6 38.Rc6 Nc4 39.Nd8+ Ke7 40.Nxe6 Ne8 41.Nf4 Nf6 42.Nxd5+ Nxd5
43.Rxc4  1-0

[Event "29th World Junior Girls"]
[Site "Chennai IND"]
[Date "2011.08.13"]
[Round "11.16"]
[White "Hema,P"]
[Black "Olsarova,K"]
[Result "0-1"]
[WhiteElo "1885"]
[BlackElo "2282"]

1.d4 d5 2.Nf3 Nf6 3.c4 c6 4.g3 Bf5 5.Bg2 e6 6.O-O Nbd7 7.Nc3 Be7 8.Qb3 Qb6
9.Re1 O-O 10.Qxb6 Nxb6 11.Ne5 Rad8 12.Bf4 h6 13.Rad1 Bc2 14.Rd2 Bh7 15.Rdd1 g5
16.Bc1 Nxc4 17.Nxc4 dxc4 18.e4 b5 19.a3 a5 20.h4 b4 21.axb4 axb4 22.hxg5 hxg5
23.Na4 Nd7 24.Bf1 Ra8 25.Nc5 Nxc5 26.dxc5 c3 27.bxc3 bxc3 28.Rd3 Bf6 29.Rf3 Bd8
30.Rd3 Ra2 31.Bg2 Ba5 32.Bxg5 c2 33.Rc1 Rb8 34.Kh2 Rb1 35.Rd6 Rxc1 36.Bxc1 Ra1
37.Bh6 Bg6 38.Rxc6 Rd1 39.Ra6 Bd2  0-1

[Event "24th Panevezys Open"]
[Site "Panevezys LTU"]
[Date "2011.08.13"]
[Round "6.6"]
[White "Vaitonis,V"]
[Black "Khamitskiy,S"]
[Result "0-1"]
[WhiteElo "2013"]
[BlackElo "2316"]

1.d4 d5 2.Nf3 c6 3.c4 dxc4 4.e3 Be6 5.Nc3 b5 6.a4 b4 7.Ne4 Nf6 8.Nxf6+ exf6
9.Bd2 Nd7 10.Rc1 c3 11.bxc3 b3 12.c4 b2 13.Rb1 Rb8 14.Bd3 Nc5 15.Qc2 Nxd3+
16.Qxd3 Qb6 17.d5 cxd5 18.cxd5 Bc8 19.O-O Ba6 20.Qe4+ Be7 21.Rfe1 Qc5 22.Nd4 O-O
23.Nc6 Bd6 24.Nxb8 Rxb8 25.Qd4 Qxd4 26.exd4 Bd3 27.g3 Kf8 28.Bf4 Bxf4 29.gxf4 Bxb1
30.Rxb1 Ke7 31.Kf1 Kd6 32.Ke2 Kxd5 33.Kd3 a5 34.f3 Rb4  0-1

[Event "CECLUB Div2 Gp2"]
[Site "Totana ESP"]
[Date "2011.08.13"]
[Round "5"]
[White "Bolado Saez,S"]
[Black "Fernandez Barrera,V"]
[Result "0-1"]
[WhiteElo "2354"]
[BlackElo "2306"]

1.Nf3 Nf6 2.c4 c6 3.d4 d5 4.Qc2 g6 5.Bf4 Bg7 6.e3 O-O 7.Nc3 a6 8.Bd3 dxc4
9.Bxc4 Nbd7 10.e4 Nh5 11.Bg5 b5 12.Bb3 Nb6 13.Rd1 Ra7 14.Ne5 Qd6 15.Be3 Bxe5
16.dxe5 Qb8 17.f4 Rb7 18.O-O Nc4 19.Bxc4 bxc4 20.Na4 Rb5 21.Rd2 Ra5 22.Nc3 f5
23.Rfd1 Be6 24.a3 Ng7 25.g3 h5 26.Na4 c3 27.Nxc3 Bb3 28.Qc1 Bxd1 29.Rxd1 Qb3
30.Bf2 Rb8 31.Rd2 fxe4 32.Qe1 Qc4 33.Ba7 Ra8 34.Rd4 Qb3 35.Rb4 Qc2 36.Bb6 Rd5
37.Rxe4 Rd2 38.Re2 Rxe2 39.Qxe2 Qxe2 40.Nxe2 Rb8 41.Bd4 Nf5 42.Bc3 a5 43.Kf2 a4
44.Bb4 c5 45.Bc3 Rd8 46.h3 Rd3 47.Be1 Kf7 48.Kg2 Ne3+ 49.Kg1 Nd1 50.Bc3 Nxc3
51.Nxc3 Rxg3+ 52.Kh2 Rf3 53.Nxa4 Rxf4 54.Nxc5 Rf2+ 55.Kg3 Rxb2 56.Kf4 Rb5
57.Ne4 Ra5 58.Ng5+ Kg7 59.Ne6+ Kh6 60.h4 Ra4+ 61.Kg3 Rxa3+ 62.Kg2 Re3 63.Ng5 Kg7
64.Ne6+ Kg8 65.Nf4 Kf7  0-1

[Event "6th Ptuj Open"]
[Site "Ptuj SLO"]
[Date "2011.08.14"]
[Round "4"]
[White "Krumpacnik,D"]
[Black "Belsak,Z"]
[Result "1-0"]
[WhiteElo "2360"]
[BlackElo "2109"]

1.d4 d5 2.c4 c6 3.Nf3 Nf6 4.Qb3 Qb6 5.c5 Qc7 6.Nc3 Bf5 7.Bf4 Qc8 8.h3 Nbd7
9.e3 e6 10.Nh4 Bg6 11.Nxg6 hxg6 12.Qc2 Be7 13.Be2 Bd8 14.b4 a6 15.O-O Bc7
16.Bxc7 Qxc7 17.f4 O-O 18.a4 Nh5 19.Bxh5 gxh5 20.e4 f5 21.exd5 exd5 22.Rae1 Rf7
23.Re6 Nf6 24.Qe2 Kf8 25.Qe5 Re8 26.Qxf5 Rxe6 27.Qxe6 Re7 28.Qf5 Re3 29.Rf3 Rxf3
30.gxf3 Qd7 31.Qxd7 Nxd7 32.b5 axb5 33.axb5 Kf7 34.b6 Kf6 35.Kf2 Kf5 36.Ne2 g6
37.h4 Nf8 38.Ke3 Ne6 39.Ng3+ Kf6 40.f5 gxf5 41.Nxh5+ Kf7 42.Nf4 Nd8 43.Nd3 Kg6
44.Kf4 Kf6 45.Ne5 Ne6+ 46.Ke3 f4+ 47.Kd3 Nxc5+ 48.Kc2 Na6 49.Nd3 Kf5 50.Kc3 Nb8
51.Nc5 Kg6 52.Kb4 Kh5 53.Nxb7 Kxh4 54.Nd8 Kg3 55.b7 Kxf3 56.Kc5 Ke3 57.Nxc6 f3
58.Nxb8 f2 59.Nc6 f1=Q 60.b8=Q Qc4+ 61.Kd6 Qa2 62.Qe8+ Kd2 63.Qe5 Qa3+ 64.Kxd5 Qb3+
65.Kd6 Qa3+ 66.Kc7  1-0

[Event "Stare Mesto FIDE Open"]
[Site "Stare Mesto CZE"]
[Date "2011.08.14"]
[Round "4.7"]
[White "Zpevak,P"]
[Black "Sojka,A"]
[Result "1-0"]
[WhiteElo "2409"]
[BlackElo "2107"]

1.d4 d5 2.c4 c6 3.Nf3 Nf6 4.Qc2 dxc4 5.Qxc4 Bf5 6.g3 e6 7.Bg2 Be7 8.O-O O-O
9.Nc3 Nbd7 10.e3 Ne4 11.Nd2 Nxc3 12.bxc3 Bg6 13.a4 Nb6 14.Qe2 Qc7 15.c4 Nd7
16.Bb2 f6 17.a5 Rac8 18.Rfc1 Nb8 19.c5 Na6 20.Nc4 Rcd8 21.Ba3 e5 22.Nd6 exd4
23.Qc4+ Kh8 24.exd4 Qd7 25.d5 Bxd6 26.dxc6 bxc6 27.cxd6 Nb8 28.Re1 Bf7 29.Qc5 Na6
30.Qxc6 Nb8 31.Qxd7 Nxd7 32.Re7 Ne5 33.Rxa7 Nc4 34.Bc5 Nxd6 35.Ra6  1-0

[Event "50th World Juniors"]
[Site "Chennai IND"]
[Date "2011.08.15"]
[Round "13"]
[White "Ly,Mo"]
[Black "Patil,Pr2"]
[Result "1-0"]
[WhiteElo "2369"]
[BlackElo "2141"]

1.d4 d5 2.c4 c6 3.Nf3 Nf6 4.Nbd2 a6 5.g3 g6 6.Bg2 Bg7 7.O-O O-O 8.Ne5 b5
9.cxd5 cxd5 10.a4 bxa4 11.Qxa4 Bb7 12.Nb3 Ra7 13.Nc5 Ba8 14.Bd2 Nfd7 15.Ba5 Qe8
16.Ncxd7 Nxd7 17.Nd3 Nb8 18.Bb6 Qxa4 19.Rxa4 Bc6 20.Rb4 Ra8 21.Bc5 Nd7 22.Bxe7 Rfe8
23.Rc1 a5 24.Rb3 Ra6 25.Ba3 Bxd4 26.e3 Bg7 27.Nf4 Nf6 28.Rbc3 Bb7 29.Rc7 Rb6
30.Rd1 Rb5 31.Ne2 Ne4 32.Nd4 Rb6 33.Rdc1 Nd2 34.Rd7 Nb3 35.Nxb3 Rxb3 36.Rcc7 Ba8
37.Rxf7 Bh8 38.Rxh7 d4 39.Bxa8 Rxa8 40.Rh6 Rb6 41.Bc5 Re6 42.Bxd4 Bxd4 43.exd4 Rb8
44.Rhh7 Rxb2 45.Rcg7+ Kf8 46.Ra7 Kg8 47.Rhd7 Re1+ 48.Kg2 Re8 49.d5 Rd2 50.d6 Rb8
51.Rg7+ Kh8 52.Rh7+ Kg8 53.Rag7+ Kf8 54.Rxg6 Rb6 55.Ra7  1-0

[Event "26th Universiade Men"]
[Site "Shenzhen CHN"]
[Date "2011.08.16"]
[Round "3.26"]
[White "Nayan,A"]
[Black "Battulga,N"]
[Result "0-1"]
[WhiteElo "2016"]
[BlackElo "2413"]

1.d4 d5 2.Nf3 c6 3.c4 Nf6 4.Qc2 e6 5.g3 Nbd7 6.Bg2 Ne4 7.O-O Bd6 8.Nfd2 f5
9.Nxe4 fxe4 10.f3 exf3 11.exf3 dxc4 12.Qxc4 Nb6 13.Qe2 Be7 14.Be3 Nd5 15.Bf2 O-O
16.Nc3 Re8 17.Rfe1 Bb4 18.Qc2 Qa5 19.Rac1 Bd7 20.Re2 Re7 21.f4 Be8 22.Be4 h6
23.Bf3 Bf7 24.Na4 b5 25.Nc5 Qxa2 26.Nb3 Qa6 27.Qxc6 Qxc6 28.Rxc6 Rae8 29.Nc5 Ba5
30.Nxe6 Nb4 31.f5 Nxc6 32.Bxc6 Rd8 33.d5 Rd6 34.Bc5 Bb6 35.Bxb6 axb6 36.Kf2 Be8
37.Rc2 b4 38.Kf3 Kf7 39.g4 Kf6 40.Ke4 g6 41.h4 gxf5+ 42.gxf5 Rexe6+ 43.fxe6 Bg6+
44.Kd4  0-1

[Event "10th Lichtenberger Sommer"]
[Site "Berlin GER"]
[Date "2011.08.17"]
[Round "5.38"]
[White "Fartmann,Oliver"]
[Black "Krajewski,W"]
[Result "1/2-1/2"]
[WhiteElo "1845"]
[BlackElo "2095"]

1.d4 d5 2.c4 c6 3.Nf3 Nf6 4.Qb3 a6 5.Nc3 g6 6.Bf4 Bg7 7.e3 O-O 8.Bd3 e6 9.O-O Nbd7
10.e4 dxe4 11.Nxe4 Nxe4 12.Bxe4 Nf6 13.Bc2 Nh5 14.Be3 b5 15.Ne5 Bb7 16.Be4 Qc7
17.f4 Rfd8 18.Rac1 Qb6 19.Bf3 Nf6 20.d5 c5 21.dxe6 fxe6 22.Bxb7 Qxb7 23.cxb5 Nd5
24.Bxc5 axb5 25.Qh3 Re8 26.Bd4 Ra4 27.Rcd1 Qc7 28.Rc1 Qb7 29.Rfd1 Rxa2 30.Kh1 Ra6
31.Ng4 Rf8 32.Bxg7 Qxg7 33.Qb3 b4 34.Qc4 Ra7 35.Re1 Re7 36.Ne5 Rc7 37.Qe4 Re8
38.Ra1 Qf8 39.Ng4 Qg7 40.Ra6 Rce7 41.Ne5 Qf6 42.Nc6 Rb7 43.Nd4 Rd7 44.Rxe6  1/2-1/2

[Event "10th Lichtenberger Sommer"]
[Site "Berlin GER"]
[Date "2011.08.17"]
[Round "5.86"]
[White "Hesselbarth,K"]
[Black "Stark,Steven"]
[Result "1-0"]
[WhiteElo "1789"]
[BlackElo "1594"]

1.d4 c6 2.c4 d5 3.Nf3 dxc4 4.e3 Bg4 5.Bxc4 b5 6.Bxf7+ Kd7 7.Ne5+ Kc7 8.Qxg4 Nh6
9.Qf3 Nxf7 10.Nxf7 Qd5 11.Qxd5 cxd5 12.Nxh8 Nc6 13.O-O Nb4 14.Na3 a6 15.Bd2 Nd3
16.Nf7 e6 17.Ne5 Nxb2 18.Nc2 a5 19.Rfc1 Kb7 20.Rab1 Nc4 21.Nxc4 dxc4 22.Rxb5+ Kc6
23.Rcb1 Bb4 24.R5xb4 axb4 25.Kf1 b3 26.axb3 cxb3 27.Rxb3 h5 28.Nb4+ Kd7 29.Nd3 Ke7
30.Ne5 Ra1+ 31.Ke2 Ra2 32.Kd3 Ra6 33.Rb7+ Kf6 34.Rf7+ Kg5 35.Rxg7+ Kh6 36.Rg6+ Kh7
37.Rg5 h4 38.Rh5+ Kg7 39.Rxh4 Kf8 40.Rh7 Kg8 41.Rc7 Rb6 42.Rc6 Rb1 43.Rxe6 Ra1
44.d5 Kf8 45.e4 Ra2 46.d6 Ra6 47.Bb4 Kg7 48.Re7+ Kf6 49.d7 Kg5 50.Rg7+ Kh6
51.d8=Q Kxg7 52.Bf8+ Kg8 53.Bd6+ Kh7 54.Qd7+ Kg8 55.Qf7+  1-0

[Event "Stare Mesto FIDE Open"]
[Site "Stare Mesto CZE"]
[Date "2011.08.17"]
[Round "7"]
[White "Drabek,M"]
[Black "Chromik,T"]
[Result "1/2-1/2"]
[WhiteElo "2009"]
[BlackElo "1808"]

1.d4 d5 2.Nf3 Nf6 3.c4 c6 4.Nbd2 e6 5.g3 Nbd7 6.Bg2 Bd6 7.O-O O-O 8.Qc2 Re8
9.e4 dxe4 10.Nxe4 Nxe4 11.Qxe4 e5 12.dxe5 Nxe5 13.Bf4 Ng6 14.Qxe8+ Qxe8 15.Bxd6 Qe6
16.c5 Qf6 17.Rfe1 Be6 18.b3 Re8 19.Rad1 Bd7 20.Rxe8+ Bxe8 21.Re1 Bd7 22.h4 Be6
23.Ng5 h6 24.Nxe6 fxe6 25.Bh3 Nf8 26.Re4 g5 27.hxg5  1/2-1/2

[Event "72nd ch-ARM 1st League"]
[Site "Kajaran ARM"]
[Date "2011.08.19"]
[Round "2"]
[White "Kalashian,D"]
[Black "Simonian,H"]
[Result "1/2-1/2"]
[WhiteElo "2410"]
[BlackElo "2461"]

1.d4 d5 2.Nf3 Nf6 3.c4 c6 4.Qc2 g6 5.g3 Bg7 6.Bg2 O-O 7.O-O Bf5 8.Qb3 Qb6
9.Nc3 dxc4 10.Qxc4 Na6 11.Nh4 Be6 12.Qa4 Rfd8 13.Nf3 c5 14.dxc5 Nxc5 15.Qh4 a5
16.Ng5 Qb4 17.Be3 Qxh4 18.gxh4 Nfd7 19.Nxe6 Nxe6 20.Rac1 Nd4 21.Rfd1 Nf5
22.Bf4 Nc5 23.Nd5 Ne6 24.Bg3 Bxb2 25.Rb1 Ba3 26.Rxb7 Kf8 27.Rdb1 Rac8 28.R7b3 Bc5
29.e3 a4 30.Rc3 Nxg3 31.hxg3 Bd6 32.Bh3 Rb8 33.Nb6 Nc5 34.Rcc1 Kg7 35.Bf1 Rb7
36.Nc4 Rdb8 37.Rxb7 Rxb7 38.Rd1 Bb8 39.Rd8 Bc7 40.Rc8 Bd6 41.Kg2 Rb1 42.Rc6 Ra1
43.Nxd6 exd6 44.Bc4 Rc1 45.Bd5 Rd1 46.e4 Rd4 47.Rc7 Nxe4 48.Rxf7+ Kg8 49.Re7+ Rxd5
50.Rxe4 a3 51.Re3 Ra5 52.Re7 Rc5 53.Re3 Ra5 54.Rd3 Ra6 55.Kf3 Kf7 56.h5 Kf6
57.Kg4 g5 58.Rf3+ Ke5 59.Rf5+ Ke4 60.f3+ Kd4 61.Rxg5 d5 62.Rg7 Kc3 63.Rxh7 d4
64.Rc7+ Kb2 65.Rb7+ Kxa2 66.Kg5 Rd6 67.h6 d3 68.h7 d2 69.h8=Q d1=Q 70.Qh2+ Ka1
71.Qh8+ Ka2 72.Qh2+ Ka1 73.Qh8+ Ka2 74.Qh2+  1/2-1/2